000 00550nam a2200181Ia 4500
005 20260429112232.0
008 260429s9999||||xx |||||||||||||| ||und||
020 _a9789392083792
041 _aHindi
082 _a304.6
_bRAJ
100 _aराजकिशोर
245 0 _aअंबेडकर विचार कोष /
_cराजकिशोर
250 _arev.
260 _aनई दिल्ली :
_bप्रकाशन संस्थान,
_c2025.
300 _a142 p.; Hb
650 _aB. R. A. Thoughts
942 _cTB
999 _c53044
_d53044